Evolutionary biology : biodiversification from genotype to phenotype

Bibliographic Details
Main Author: Pierre Pontarotti
Format: Book
Published: Switzerland : Springer , 2015
Subjects:

MARC

LEADER 00000cam a2200000 7i4500
001 0000004175
005 20190108.0
020 0 0 |a 9783319372761 
090 0 0 |a 576.8   |b BIO 2015 
100 1 0 |a Pierre Pontarotti 
245 1 0 |a Evolutionary biology :   |b biodiversification from genotype to phenotype   |c editor Pierre Pontarotti 
260 0 0 |a Switzerland :   |b Springer ,   |c 2015 
300 |a v, 403 p. :   |b ill. ;   |c 27 cm. 
500 0 0 |a Includes index 
650 0 0 |a Developmental biology 
650 0 0 |a Sciene ---life science 
999 |a 008060   |b Monograph   |c Open Shelf   |e Default branch